| 000 | 00677nam a2200265 a 4500 | ||
|---|---|---|---|
| 003 | AR-BaBNM | ||
| 005 | 20251128205712.0 | ||
| 008 | 082120s2002 ||||||||||||||000 | spa|| | ||
| 020 | _a950-05-0554-1 | ||
| 040 | _cAR-BaBNM | ||
| 100 | 1 | _aInzillo, Carlos | |
| 245 | 0 | 0 |
_aQueridos filipipones _buna bio-filmo-radiografía afectiva |
| 250 | _a2ª ed. | ||
| 260 |
_aBuenos Aires _bEdiciones Corregidor _c1991 |
||
| 300 |
_a326 p. _bil. |
||
| 650 | 4 | _aBIOGRAFIAS | |
| 650 | 4 | _aTEATRO POPULAR | |
| 650 | 4 | _aACTORES | |
| 650 | 4 | _aVIDA TEATRAL | |
| 650 | 4 | _aARTES ESCENICAS | |
| 655 | _aBIOGRAFIAS | ||
| 700 | 1 | _aPellettieri, Osvaldo | |
| 942 | _cBK | ||
| 998 | _cMARTIN | ||
| 999 |
_c12463 _d12463 |
||